[Event "22nd European Teams Women"]
[Site "Batumi GEO"]
[Date "2019.11.01"]
[Round "8.9"]
[Board "3"]
[White "Cosma, Elena-Luminita"]
[Black "Cibickova, Zuzana"]
[Result "1/2-1/2"]
[WhiteTitle "WGM"]
[BlackTitle "WGM"]
[WhiteElo "2313"]
[BlackElo "2258"]
[WhiteTeam "Romania"]
[BlackTeam "Slovakia"]
[WhiteFideId "1201590"]
[BlackFideId "14905779"]
[EventDate "2019.10.24"]

1. d4 d5 2. c4 c6 3. cxd5 cxd5 4. Bf4 Nc6 5. e3 Nf6 6. Nc3 Bf5 7. Qb3 Na5 8.
Qa4+ Bd7 9. Qc2 Rc8 10. Bd3 e6 11. Nf3 Be7 12. O-O O-O 13. h3 h6 14. Qe2 Bb4 15.
Rac1 a6 16. Nb1 Qe7 17. Ne5 Nc6 18. a3 Bd6 19. Nd2 Na7 20. Bg3 Bb5 21. Bxb5 Nxb5
22. Bh4 Rxc1 23. Rxc1 g5 24. Bg3 Nd7 25. a4 Na7 26. Nxd7 Qxd7 27. Bxd6 Qxd6 28.
Nf3 Nc6 29. Qd3 Kg7 30. Qb3 Na5 31. Qc3 Nc6 32. Qd2 Rc8 33. Rc5 f6 34. Qc1 Qd7
35. Ne1 b6 36. Rc2 Ne7 37. b3 Rxc2 38. Qxc2 Qc6 39. Qd2 a5 40. Nd3 Nf5 41. Kf1
Nd6 1/2-1/2

[Event "22nd European Teams Women"]
[Site "Batumi GEO"]
[Date "2019.11.01"]
[Round "8.9"]
[Board "4"]
[White "Motycakova, Monika"]
[Black "Lehaci, Miruna-Daria"]
[Result "0-1"]
[WhiteTitle "WFM"]
[BlackTitle "WFM"]
[WhiteElo "2126"]
[BlackElo "2131"]
[WhiteTeam "Slovakia"]
[BlackTeam "Romania"]
[WhiteFideId "14909626"]
[BlackFideId "1234765"]
[EventDate "2019.10.24"]

1. e4 c5 2. Nf3 d6 3. Bb5+ Nd7 4. O-O Nf6 5. Re1 a6 6. Bd3 b5 7. c4 b4 8. Bc2 e5
9. a3 bxa3 10. Rxa3 g6 11. Ba4 Bg7 12. Nc3 Bb7 13. d3 O-O 14. Bd2 Nb6 15. Qc2
Nxa4 16. Rxa4 Bc6 17. Ra3 Qb6 18. Rb3 Qc7 19. Ra1 Rfb8 20. Rba3 Qb7 21. R1a2 Bd7
22. Qc1 Bc8 23. Bg5 Qd7 24. Bxf6 Bxf6 25. Nd5 Bg7 26. Qg5 Ra7 27. h3 h6 28. Qd2
Kh7 29. Nh2 f5 30. Qe2 Qf7 31. Qd2 f4 32. f3 g5 33. Qe2 Qg6 34. Qf2 h5 35. Kf1
Bh6 36. Ke1 Rf7 37. Qe2 g4 38. fxg4 hxg4 39. Nxg4 f3 40. gxf3 Bxg4 41. hxg4 Rbf8
42. Rxa6 Rxf3 43. Ra7+ Kh8 44. Ra8 Qg5 45. Rxf8+ Rxf8 46. Nc3 Qh4+ 47. Kd1 Rf2
48. Qe1 Qg3 49. Qxf2 Qxf2 50. b4 Qe3 51. Kc2 cxb4 52. Nd5 Qd2+ 53. Kb3 Qxd3+ 54.
Kb2 b3 55. Ra8+ Kg7 0-1

[Event "22nd European Teams Women"]
[Site "Batumi GEO"]
[Date "2019.11.01"]
[Round "8.10"]
[Board "1"]
[White "Exler, Veronika"]
[Black "Shvayger, Yuliya"]
[Result "1/2-1/2"]
[WhiteTitle "WIM"]
[BlackTitle "IM"]
[WhiteElo "2222"]
[BlackElo "2336"]
[WhiteTeam "Austria"]
[BlackTeam "Israel"]
[WhiteFideId "1620550"]
[BlackFideId "14100126"]
[EventDate "2019.10.24"]

1. e4 c5 2. c3 d6 3. d4 Nf6 4. Bd3 Nc6 5. Ne2 g6 6. O-O Bg7 7. d5 Ne5 8. Bc2 b5
9. f4 Ned7 10. h3 O-O 11. Nd2 e6 12. dxe6 fxe6 13. f5 Ne5 14. fxg6 hxg6 15. Nf3
Nh5 16. Nxe5 Bxe5 17. g4 Ng7 18. Bf4 Bxf4 19. Rxf4 e5 20. Rxf8+ Qxf8 21. Qd3 Be6
22. Rf1 Qd8 23. Qe3 Qh4 24. Bb3 c4 25. Bc2 Bf7 26. Kg2 Ne6 27. Rd1 Qe7 28. Rh1
Rf8 29. Rf1 Kg7 30. Bd1 Rh8 31. Bc2 Be8 32. Rf2 Bc6 33. Rf1 Kg8 34. Rf2 g5 35.
Rf1 Nf4+ 36. Nxf4 gxf4 37. Qf3 Bd7 38. Bd1 Kf8 39. Rg1 Qh7 40. Kh2 Ke7 41. Qg2
Be6 42. Bf3 a5 43. a3 Qh4 44. Rd1 b4 45. axb4 axb4 46. cxb4 Rb8 47. Rd2 Rxb4 48.
Qf2 Qxf2+ 49. Rxf2 Kf6 50. h4 Rb3 51. g5+ Kg6 52. Kg2 Rd3 53. Rc2 Rd4 54. Re2
Bc8 55. Kf2 Bh3 56. Re1 Rd2+ 57. Re2 Rd3 58. Rc2 Be6 59. Re2 Bd7 60. Rc2 Rd4 61.
Re2 Ba4 62. Re1 Rd2+ 1/2-1/2

[Event "22nd European Teams Women"]
[Site "Batumi GEO"]
[Date "2019.11.01"]
[Round "8.10"]
[Board "2"]
[White "Efroimski, Marsel"]
[Black "Trippold, Denise"]
[Result "1/2-1/2"]
[WhiteTitle "WGM"]
[BlackTitle "WFM"]
[WhiteElo "2317"]
[BlackElo "2180"]
[WhiteTeam "Israel"]
[BlackTeam "Austria"]
[WhiteFideId "2810964"]
[BlackFideId "1625594"]
[EventDate "2019.10.24"]

1. e4 e6 2. d4 d5 3. Nd2 c5 4. exd5 exd5 5. Ngf3 Nc6 6. Bb5 Qe7+ 7. Be2 Qc7 8.
O-O Nf6 9. Re1 cxd4 10. Nb3 Be7 11. Nbxd4 O-O 12. Bg5 Re8 13. Bd3 Bd7 14. c3
Nxd4 15. Nxd4 Ng4 16. Nf3 Bxg5 17. h3 Nxf2 18. Kxf2 Qf4 19. Kg1 Rxe1+ 20. Nxe1
Re8 21. Qf3 Qd2 22. Nc2 Be3+ 23. Nxe3 Qxd3 24. Nxd5 Qxf3 25. gxf3 Bxh3 26. Kf2
Rd8 27. c4 Be6 28. Rd1 Kf8 29. Ke3 h5 30. Ke4 f6 31. Rh1 Bf7 32. Rh2 Bg6+ 33.
Ke3 Bf7 34. Nf4 g6 35. b3 Kg7 36. Ke4 Kh6 37. Nd5 Rd6 38. Kd4 g5 39. Re2 Rd7 40.
Kc5 Kg7 41. a4 h4 42. a5 a6 43. b4 f5 44. Rh2 Kg6 45. f4 Rd8 46. fxg5 Kxg5 47.
Rg2+ Kh6 48. Ne7 h3 49. Nxf5+ Kh5 50. Ng7+ Kh4 51. Nf5+ Kh5 52. Ng7+ Kh4 53.
Nf5+ 1/2-1/2

[Event "22nd European Teams Women"]
[Site "Batumi GEO"]
[Date "2019.11.01"]
[Round "8.10"]
[Board "3"]
[White "Novkovic, Julia"]
[Black "Klinova, Masha"]
[Result "1/2-1/2"]
[WhiteTitle "WFM"]
[BlackTitle "IM"]
[WhiteElo "2146"]
[BlackElo "2277"]
[WhiteTeam "Austria"]
[BlackTeam "Israel"]
[WhiteFideId "12000086"]
[BlackFideId "2802015"]
[EventDate "2019.10.24"]

1. e4 d6 2. d4 Nf6 3. Nc3 g6 4. h3 a6 5. a4 Bg7 6. g4 O-O 7. Bg2 e5 8. Nge2 Nc6
9. d5 Nd4 10. Be3 Nxe2 11. Qxe2 c6 12. O-O cxd5 13. exd5 Bd7 14. a5 Rc8 15. Bb6
Qe8 16. Rfe1 h5 17. f4 hxg4 18. fxe5 dxe5 19. d6 Bc6 20. hxg4 Qd7 21. g5 Nh5 22.
Bxc6 Rxc6 23. Ne4 Nf4 24. Qh2 f5 25. Nf6+ Bxf6 26. gxf6 Rxd6 27. Rxe5 Rxb6 28.
Re7 Qd4+ 29. Kh1 Qd5+ 30. Kg1 Qc5+ 31. Kh1 Qd5+ 32. Kg1 Qd4+ 33. Kh1 Qd5+ 1/2-1/2

[Event "22nd European Teams Women"]
[Site "Batumi GEO"]
[Date "2019.11.01"]
[Round "8.10"]
[Board "4"]
[White "Lahav, Michal"]
[Black "Polterauer, Chiara"]
[Result "1/2-1/2"]
[WhiteTitle "WIM"]
[BlackTitle "WFM"]
[WhiteElo "2221"]
[BlackElo "2172"]
[WhiteTeam "Israel"]
[BlackTeam "Austria"]
[WhiteFideId "2813742"]
[BlackFideId "1638165"]
[EventDate "2019.10.24"]

1. e4 e5 2. Nf3 Nc6 3. Bb5 a6 4. Ba4 Nf6 5. O-O b5 6. Bb3 Be7 7. Re1 d6 8. c3
O-O 9. h3 Nb8 10. d4 Nbd7 11. Nbd2 Bb7 12. Bc2 Re8 13. Nf1 d5 14. Ng3 Nxe4 15.
dxe5 Bc5 16. Nxe4 dxe4 17. Ng5 Nxe5 18. Qh5 h6 19. Nxe4 Bxe4 20. Rxe4 Qf6 21.
Bf4 Ng6 22. Qxc5 Nxf4 23. Qxc7 Rxe4 24. Bxe4 Rd8 25. Qc5 Ne2+ 26. Kh1 Qf4 27.
Qf5 Qxf5 28. Bxf5 Rd2 29. Rb1 Nf4 30. Kg1 g6 31. Bc8 a5 32. Ba6 Nd3 33. Bxb5
Nxb2 34. a4 Kf8 35. Re1 Rc2 36. Re3 Nd1 37. Re8+ Kg7 38. c4 Nxf2 39. c5 f5 40.
c6 Ne4 41. Rd8 Rc1+ 42. Kh2 Kf6 43. g4 f4 44. Kg2 Rc3 45. Rd3 Rc2+ 46. Kg1 Rc1+
47. Kg2 Rc2+ 48. Kg1 Rc1+ 49. Kg2 Rc2+ 1/2-1/2

[Event "22nd European Teams Women"]
[Site "Batumi GEO"]
[Date "2019.11.01"]
[Round "8.11"]
[Board "1"]
[White "Koridze, Lile"]
[Black "Sieber, Fiona"]
[Result "1/2-1/2"]
[BlackTitle "WIM"]
[WhiteElo "1988"]
[BlackElo "2252"]
[WhiteTeam "Georgia 3"]
[BlackTeam "Germany"]
[WhiteFideId "13612514"]
[BlackFideId "12902373"]
[EventDate "2019.10.24"]

1. d4 Nf6 2. c4 b6 3. Nf3 Bb7 4. g3 g6 5. Bg2 Bg7 6. O-O O-O 7. Nc3 Ne4 8. Nxe4
Bxe4 9. b3 c5 10. Bb2 Nc6 11. e3 d5 12. Qd2 dxc4 13. bxc4 cxd4 14. exd4 Rc8 15.
Qe2 Bxf3 16. Bxf3 Nxd4 17. Bxd4 Qxd4 18. Rac1 Qc5 19. Rfd1 Rfd8 20. Bb7 Rb8 21.
Bf3 Rxd1+ 22. Rxd1 Bd4 23. Bd5 e6 24. Be4 Rc8 25. Bd3 Kg7 26. Rd2 Rc7 27. Rc2
Rd7 28. Be4 f5 29. Bf3 Kf6 30. Kg2 Rc7 31. Qd1 e5 32. Bd5 b5 33. Qf3 Qb4 34. Qb3
Qc5 35. Qf3 a5 36. g4 Qb4 37. Qh3 Qb1 38. Qh4+ Kg7 39. Qd8 Qxc2 40. Qxc7+ Kh6
41. g5+ Kxg5 42. Qe7+ Kh6 43. Qh4+ 1/2-1/2

[Event "22nd European Teams Women"]
[Site "Batumi GEO"]
[Date "2019.11.01"]
[Round "8.11"]
[Board "2"]
[White "Klek, Hanna Marie"]
[Black "Pipia, Ekaterine"]
[Result "1-0"]
[WhiteTitle "WGM"]
[WhiteElo "2248"]
[BlackElo "1935"]
[WhiteTeam "Germany"]
[BlackTeam "Georgia 3"]
[WhiteFideId "24670057"]
[BlackFideId "13614576"]
[EventDate "2019.10.24"]

1. e4 c5 2. Nf3 d6 3. d4 cxd4 4. Nxd4 Nf6 5. Nc3 g6 6. Be3 Bg7 7. Be2 Nc6 8. Qd2
Ng4 9. Bxg4 Bxg4 10. Nd5 Bd7 11. c4 Ne5 12. b3 Ng4 13. Bg5 f6 14. Bh4 h5 15. h3
g5 16. Bg3 Nh6 17. Rd1 Nf7 18. O-O h4 19. Bh2 g4 20. hxg4 h3 21. Nf5 hxg2 22.
Kxg2 Bxf5 23. exf5 Qd7 24. f4 O-O-O 25. Qe3 Kb8 26. Bg1 b6 27. Qxe7 Qc6 28. Qxf7
Rd7 29. Qe6 Bf8 30. Rf3 Rdh7 31. Rdd3 Rg7 32. Nxf6 Re7 33. Qd5 Qc7 34. g5 Re2+
35. Rf2 Qe7 36. Qf3 Re1 37. Rf1 Re2+ 38. Bf2 Bg7 39. Nd5 Qe8 40. Re3 Rxe3 41.
Bxe3 Rh5 42. Rh1 1-0

[Event "22nd European Teams Women"]
[Site "Batumi GEO"]
[Date "2019.11.01"]
[Round "8.11"]
[Board "3"]
[White "Esadze, Tamari"]
[Black "Osmanodja, Filiz"]
[Result "1-0"]
[BlackTitle "WIM"]
[WhiteElo "1885"]
[BlackElo "2225"]
[WhiteTeam "Georgia 3"]
[BlackTeam "Germany"]
[WhiteFideId "13611186"]
[BlackFideId "24633569"]
[EventDate "2019.10.24"]

1. e4 c5 2. Nf3 Nc6 3. d4 cxd4 4. Nxd4 g6 5. Nc3 Bg7 6. Be3 Nf6 7. f3 O-O 8. Bc4
Qb6 9. Bb3 Nxe4 10. Nd5 Qa5+ 11. c3 Nc5 12. Nxc6 dxc6 13. Nxe7+ Kh8 14. Nxc8
Raxc8 15. O-O Rcd8 16. Qc2 Rfe8 17. Bf2 Ne6 18. Bxe6 Rxe6 19. Rfe1 Rxe1+ 20.
Bxe1 Bh6 21. Bf2 Qd5 22. Bxa7 c5 23. Re1 Bd2 24. Re2 Qg5 25. Qe4 Bf4 26. g4 Qh6
27. Qb1 Be3+ 28. Kg2 f5 29. Qe1 f4 30. b4 cxb4 31. Bxe3 fxe3 32. Rxe3 bxc3 33.
Qxc3+ Kg8 34. Qc4+ Kh8 35. Qe2 Qf8 36. Re7 Rd2 37. Rxh7+ Kxh7 38. Qxd2 Qe7 39.
Kg3 g5 40. Qd3+ Kh6 41. Kg2 Qe6 42. a3 Qa2+ 43. Kg3 Qe6 44. Kh3 Qf6 45. Qf5 Qd6
46. Qf7 Qd2 47. Qxb7 Qd3 48. Qb6+ Kh7 49. Kg3 Qxa3 50. Qc7+ Kh6 51. Qc6+ Kg7 52.
Qd7+ Kf8 53. Qf5+ Ke8 54. Qxg5 Qd6+ 55. Qf4 Qd1 56. Qe3+ Kf8 57. g5 Kg7 58. f4
Kg6 59. h4 Kg7 60. f5 Qd6+ 61. Kg4 Qb4+ 62. Kh5 Qb8 63. f6+ Kh8 64. Qe7 Qg8 65.
Qg7+ Qxg7 66. fxg7+ Kh7 67. g8=Q+ Kxg8 68. Kg6 Kh8 69. Kf7 Kh7 70. g6+ 1-0

[Event "22nd European Teams Women"]
[Site "Batumi GEO"]
[Date "2019.11.01"]
[Round "8.11"]
[Board "4"]
[White "Muetsch, Annmarie"]
[Black "Lomaia, Diana"]
[Result "0-1"]
[WhiteTitle "WIM"]
[WhiteElo "2266"]
[BlackElo "1861"]
[WhiteTeam "Germany"]
[BlackTeam "Georgia 3"]
[WhiteFideId "12971367"]
[BlackFideId "13612476"]
[EventDate "2019.10.24"]

1. e4 c5 2. Nf3 d6 3. d4 cxd4 4. Nxd4 Nf6 5. Nc3 a6 6. h3 e6 7. g4 Be7 8. g5
Nfd7 9. h4 b5 10. a3 Bb7 11. Be3 Nc6 12. Nxc6 Bxc6 13. Qd4 e5 14. Qd2 Rb8 15.
Bg2 a5 16. Nd5 Bxd5 17. Qxd5 Qc7 18. c3 Nc5 19. Bf1 O-O 20. f3 Rfd8 21. Rd1 b4
22. cxb4 axb4 23. Bc4 Ne6 24. a4 Bf8 25. h5 g6 26. hxg6 hxg6 27. b3 Bg7 28. Qd2
Nc5 29. Bd5 Ne6 30. Rc1 Qa5 31. Qc2 Nd4 32. Qg2 Rbc8 33. Bc4 Qa7 34. Kf2 Qe7 35.
Rh4 d5 36. exd5 Nf5 37. Qg4 Nxe3 38. Kxe3 Qc5+ 39. Ke2 Rxd5 40. Rhh1 Rd2+ 41.
Kxd2 Qf2+ 42. Be2 Rd8+ 43. Kc2 Qxe2+ 44. Kb1 e4 0-1

[Event "22nd European Teams Women"]
[Site "Batumi GEO"]
[Date "2019.11.01"]
[Round "8.12"]
[Board "1"]
[White "Houska, Jovanka"]
[Black "Reizniece-Ozola, Dana"]
[Result "1/2-1/2"]
[WhiteTitle "IM"]
[BlackTitle "WGM"]
[WhiteElo "2430"]
[BlackElo "2297"]
[WhiteTeam "England"]
[BlackTeam "Latvia"]
[WhiteFideId "405094"]
[BlackFideId "11601124"]
[EventDate "2019.10.24"]

1. d4 Nf6 2. Nf3 g6 3. g3 Bg7 4. Bg2 O-O 5. O-O d6 6. Nc3 c6 7. e4 Nbd7 8. a4 a5
9. Bf4 Qc7 10. Qd2 e5 11. Bh6 Re8 12. Bxg7 Kxg7 13. Rad1 Nb6 14. b3 Bg4 15. h3
Bxf3 16. Bxf3 d5 17. dxe5 Nxe4 18. Bxe4 dxe4 19. Nxe4 Qxe5 20. Nd6 Red8 21. Qh6+
Kg8 22. Rfe1 Qf6 23. Nxb7 Rxd1 24. Rxd1 Qe7 25. Nd6 Rd8 26. Qd2 Qe5 27. Qd4 Qe2
28. c4 c5 29. Qa1 Qc2 30. Re1 Nd7 31. Ne8 f6 32. Nxf6+ Nxf6 33. Qxf6 Rd1 34.
Qe6+ Kg7 35. Qe5+ Kg8 36. Qb8+ Kg7 37. Qb7+ Kh6 38. Rxd1 Qxd1+ 39. Kg2 Qc2 40.
Qf7 Qe4+ 41. Qf3 Qe7 42. Qe3+ Qxe3 43. fxe3 Kg5 44. Kf3 Kf5 45. g4+ Ke5 46. g5
Kf5 47. h4 Ke5 48. e4 Ke6 49. Ke2 Ke5 50. Ke3 Kd6 51. Kf4 Ke6 52. e5 Ke7 53. Ke3
Kd7 54. Kd3 Ke7 55. b4 cxb4 56. c5 Kd7 57. Kd4 Kd8 58. Kd3 Kd7 59. Kc4 Kd8 60.
Kd3 Kd7 61. Kd4 1/2-1/2

[Event "22nd European Teams Women"]
[Site "Batumi GEO"]
[Date "2019.11.01"]
[Round "8.12"]
[Board "2"]
[White "Rogule, Laura"]
[Black "Toma, Katarzyna"]
[Result "0-1"]
[WhiteTitle "WGM"]
[BlackTitle "WGM"]
[WhiteElo "2269"]
[BlackElo "2272"]
[WhiteTeam "Latvia"]
[BlackTeam "England"]
[WhiteFideId "11601876"]
[BlackFideId "1119907"]
[EventDate "2019.10.24"]

1. c4 e5 2. Nc3 Nf6 3. Nf3 Nc6 4. e4 Bc5 5. Nxe5 Qe7 6. Nxc6 dxc6 7. d3 Ng4 8.
d4 Qf6 9. Be3 Nxe3 10. fxe3 Bb4 11. Qf3 Qg6 12. Bd3 O-O 13. O-O Bg4 14. Qf2 Rad8
15. Qc2 Qh6 16. Rf4 Bh5 17. Raf1 Be7 18. g4 Bg6 19. R4f3 Bg5 20. Qf2 c5 21. d5
a6 22. Kg2 Bh4 23. Qe2 Qg5 24. Rh3 Rde8 25. Rf4 Re5 26. Qf3 Qe7 27. Ne2 Re8 28.
Rf5 Bxf5 29. gxf5 h6 30. Nc3 Bg5 31. Qg4 Qf6 32. Rf3 R5e7 33. Qg3 Qb6 34. Rf2
Bf6 35. Nd1 Qa5 36. Qf3 Qxa2 37. b4 Qb3 38. Qe2 Qxb4 39. Kf3 a5 40. Rg2 a4 41.
Nf2 Qb2 42. Qd1 Qa1 43. Qc2 Ra8 44. Ng4 Kf8 45. e5 Bxe5 46. Be4 Qf1+ 47. Nf2 Bf6
48. Bd3 Rxe3+ 49. Kxe3 Qxg2 50. Be4 Bd4+ 0-1

[Event "22nd European Teams Women"]
[Site "Batumi GEO"]
[Date "2019.11.01"]
[Round "8.12"]
[Board "3"]
[White "Lauterbach, Ingrid"]
[Black "Limanovska, Elizabete"]
[Result "0-1"]
[WhiteTitle "WIM"]
[BlackTitle "WFM"]
[WhiteElo "2078"]
[BlackElo "2186"]
[WhiteTeam "England"]
[BlackTeam "Latvia"]
[WhiteFideId "405221"]
[BlackFideId "11603542"]
[EventDate "2019.10.24"]

1. e4 e5 2. Nc3 Bc5 3. g3 Nf6 4. Bg2 a5 5. d3 d6 6. Nf3 Nc6 7. O-O O-O 8. Be3
Bxe3 9. fxe3 Ne7 10. Qe2 c6 11. Nd1 b5 12. Nh4 Be6 13. Nf5 Qd7 14. Qf3 Ne8 15.
Nf2 Rc8 16. Nxe7+ Qxe7 17. Bh3 Nc7 18. Bf5 d5 19. c3 f6 20. exd5 cxd5 21. Bxe6+
Qxe6 22. e4 Rfd8 23. Rfe1 d4 24. Rec1 Na6 25. a3 dxc3 26. Rxc3 Rxc3 27. bxc3 Qb3
28. Qg4 Nc5 29. d4 Qxc3 30. Rb1 Qxd4 31. Rxb5 Nd3 32. Qe2 Nxf2 33. Qxf2 Qxe4 34.
Qa2+ Kh8 35. Rb1 h6 36. Qb2 Qe3+ 37. Kh1 Rd2 38. Qb7 Qf2 0-1

[Event "22nd European Teams Women"]
[Site "Batumi GEO"]
[Date "2019.11.01"]
[Round "8.12"]
[Board "4"]
[White "Golsta, Madara"]
[Black "Bhatia, Kanwal K"]
[Result "1-0"]
[BlackTitle "WFM"]
[WhiteElo "1987"]
[BlackElo "2038"]
[WhiteTeam "Latvia"]
[BlackTeam "England"]
[WhiteFideId "11607386"]
[BlackFideId "407496"]
[EventDate "2019.10.24"]

1. c4 e5 2. Nc3 Nf6 3. g3 d5 4. cxd5 Nxd5 5. Bg2 Nb6 6. Nf3 Nc6 7. O-O Be7 8. b3
O-O 9. Bb2 Be6 10. Rc1 f6 11. Ne4 a5 12. d4 exd4 13. Nxd4 Nxd4 14. Bxd4 Nd7 15.
Qc2 c6 16. Rfd1 Qc7 17. Be3 Rfd8 18. Bf4 Qb6 19. Nd6 Ne5 20. Nf5 Ba3 21. Be3 Qc7
22. Rb1 Rd7 23. Nd4 Bd5 24. Bh3 Re7 25. Nf5 Rf7 26. Bf4 Re8 27. Ne3 Be6 28. Bg2
Bf8 29. h4 g6 30. Qc3 Bg7 31. Nc2 Bf5 32. e4 Bg4 33. f3 Bc8 34. Ne3 Qb6 35. Kh1
Rd8 36. Bxe5 fxe5 37. Nc4 Rxd1+ 38. Rxd1 Qc7 39. Qxa5 Qe7 40. Qd8+ Qxd8 41.
Rxd8+ Rf8 42. Rxf8+ Kxf8 43. Nd6 Be6 44. Nxb7 Ke7 45. Bf1 Bh6 46. Na5 Kd6 47.
Bc4 Bd7 48. Bg8 Be8 49. Nc4+ 1-0

[Event "22nd European Teams Women"]
[Site "Batumi GEO"]
[Date "2019.11.01"]
[Round "8.13"]
[Board "1"]
[White "Golubenko, Valentina"]
[Black "Worek, Joanna"]
[Result "0-1"]
[WhiteTitle "WGM"]
[BlackTitle "WGM"]
[WhiteElo "2274"]
[BlackElo "2319"]
[WhiteTeam "Croatia"]
[BlackTeam "Czech Republic"]
[WhiteFideId "4501993"]
[BlackFideId "1118080"]
[EventDate "2019.10.24"]

1. d4 Nf6 2. c4 g6 3. Nf3 Bg7 4. g3 O-O 5. Bg2 d6 6. Nc3 c6 7. O-O Qa5 8. e4 e5
9. h3 Nbd7 10. a3 exd4 11. Nxd4 Ne5 12. Nb3 Qc7 13. Qe2 Be6 14. Nd2 Qb6 15. b3
Nh5 16. Na4 Qa5 17. Rb1 Rae8 18. Kh2 f5 19. f4 Nf7 20. Qd1 fxe4 21. Bxe4 d5 22.
b4 Qc7 23. cxd5 cxd5 24. Bd3 Bc8 25. Nf3 Qd7 26. g4 Nf6 27. Nc5 Qd6 28. Kg2 b6
29. Nb3 d4 30. Bc4 Nd5 31. Bxd5 Qxd5 32. Qd3 Bb7 33. Kg1 Nd6 34. Rb2 Nc4 35. Rc2
Ne3 36. Bxe3 Rxe3 37. Qd1 Rxb3 38. Rcf2 Rxf4 39. Qe2 Re3 0-1

[Event "22nd European Teams Women"]
[Site "Batumi GEO"]
[Date "2019.11.01"]
[Round "8.13"]
[Board "2"]
[White "Petrova, Kristyna"]
[Black "Franciskovic, Borka"]
[Result "1/2-1/2"]
[WhiteTitle "WIM"]
[BlackTitle "WIM"]
[WhiteElo "2259"]
[BlackElo "2262"]
[WhiteTeam "Czech Republic"]
[BlackTeam "Croatia"]
[WhiteFideId "309672"]
[BlackFideId "14507943"]
[EventDate "2019.10.24"]

1. e4 c6 2. Nc3 d5 3. Nf3 dxe4 4. Nxe4 Nf6 5. Qe2 Nxe4 6. Qxe4 Be6 7. b3 Nd7 8.
Bb2 Nf6 9. Qh4 Bf5 10. Ne5 e6 11. Bd3 Bxd3 12. Nxd3 Be7 13. O-O O-O 14. Rad1 Nd7
15. Qg3 Bf6 16. Ne5 Nxe5 17. Bxe5 Bxe5 18. Qxe5 Rc8 19. d4 Qc7 20. c4 Rfd8 21.
Rfe1 Qxe5 22. dxe5 Kf8 23. f4 g6 24. g4 h6 25. Kf2 c5 26. Ke3 Ke7 27. Ke4 Rxd1
28. Rxd1 Rd8 29. Rxd8 Kxd8 30. h4 Ke7 31. g5 1/2-1/2

[Event "22nd European Teams Women"]
[Site "Batumi GEO"]
[Date "2019.11.01"]
[Round "8.13"]
[Board "3"]
[White "Medic, Mirjana"]
[Black "Sikorova, Olga"]
[Result "0-1"]
[WhiteTitle "WGM"]
[BlackTitle "WGM"]
[WhiteElo "2163"]
[BlackElo "2234"]
[WhiteTeam "Croatia"]
[BlackTeam "Czech Republic"]
[WhiteFideId "14501619"]
[BlackFideId "307033"]
[EventDate "2019.10.24"]

1. d4 Nf6 2. c4 g6 3. Nf3 Bg7 4. g3 O-O 5. Bg2 d6 6. O-O Nc6 7. Nc3 a6 8. b3 Rb8
9. Bb2 b5 10. cxb5 axb5 11. Rc1 Na5 12. d5 e6 13. dxe6 fxe6 14. b4 Nc4 15. Ba1
d5 16. Nd4 Qe8 17. Nb3 c6 18. e4 Qf7 19. Qe2 Qa7 20. Rcd1 Qa3 21. Nd4 Bd7 22.
Nc2 Qa7 23. h3 Rf7 24. Kh2 Rbf8 25. f4 Bh6 26. Bf3 e5 27. exd5 exf4 28. g4 Ne3
29. dxc6 Nxf1+ 30. Qxf1 Bc8 31. Qg1 Qe7 32. Qf2 Bg5 33. Nxb5 Bh4 34. Qd4 h5 35.
Nd6 hxg4 36. hxg4 Bxg4 37. Kg2 Bxf3+ 38. Kxf3 Qe6 39. Rg1 Qh3+ 40. Ke2 Re7+ 41.
Kd1 Kh7 42. Kc1 Qf3 43. Qc4 Ne4 44. Rd1 Nf2 45. Rd5 Qh1+ 46. Kd2 Qd1+ 47. Kc3
Bf6+ 48. Kb3 Qb1+ 49. Ka4 Ra8+ 50. Kb5 Rb8+ 51. Nb7 Bxa1 52. Nxa1 Ne4 53. Nb3 f3
54. Nd2 Qe1 55. Nxe4 Qxe4 56. Qxe4 Rxe4 57. Rd7+ Kg8 58. Rd1 f2 59. Rf1 Rf8 60.
c7 Re7 61. Kc6 Rc8 62. Nc5 Rexc7+ 63. Kb6 Rf7 64. a4 Re8 65. Nd3 Re2 66. a5 Rd2
67. Nc5 g5 68. a6 g4 69. Ne4 Ra2 70. b5 Kg7 71. a7 Raxa7 72. Rxf2 Rxf2 73. Nxf2
g3 74. Nh3 Ra4 75. Kc7 Rh4 76. Ng1 Rh1 77. Nf3 Rf1 78. Nh4 Rf4 79. Ng2 Rf2 80.
Nh4 Kh6 81. b6 Kg5 82. b7 Rf7+ 83. Kc6 Rxb7 0-1

[Event "22nd European Teams Women"]
[Site "Batumi GEO"]
[Date "2019.11.01"]
[Round "8.13"]
[Board "4"]
[White "Miturova, Magdalena"]
[Black "Cvitan, Ena"]
[Result "0-1"]
[WhiteTitle "WIM"]
[BlackTitle "FM"]
[WhiteElo "2179"]
[BlackElo "2182"]
[WhiteTeam "Czech Republic"]
[BlackTeam "Croatia"]
[WhiteFideId "330221"]
[BlackFideId "14534215"]
[EventDate "2019.10.24"]

1. e4 c6 2. d4 d5 3. Nd2 dxe4 4. Nxe4 Nf6 5. Nxf6+ exf6 6. c3 Bd6 7. Bd3 O-O 8.
Qc2 Re8+ 9. Ne2 h5 10. O-O h4 11. h3 Nd7 12. Bd2 Nf8 13. Rae1 Bb8 14. Kh1 Qc7
15. f4 Bd7 16. Ng1 Ne6 17. Qd1 Qa5 18. Qg4 Nf8 19. Rxe8 Bxg4 20. hxg4 Bxf4 21.
Rxa8 Bxd2 22. Nf3 Bf4 23. Bc4 g6 24. Re1 Bd6 25. Ree8 Kg7 26. Rad8 Qc7 27. g5
fxg5 28. Ne5 f6 29. Nd7 b5 30. Bb3 g4 31. Ne5 fxe5 32. dxe5 Be7 33. Rc8 Qxe5 0-1

[Event "22nd European Teams Women"]
[Site "Batumi GEO"]
[Date "2019.11.01"]
[Round "8.14"]
[Board "1"]
[White "Goossens, Hanne"]
[Black "Machlik, Monika"]
[Result "0-1"]
[WhiteTitle "WIM"]
[WhiteElo "2156"]
[BlackElo "2159"]
[WhiteTeam "Belgium"]
[BlackTeam "Norway"]
[WhiteFideId "200468"]
[BlackFideId "1513621"]
[EventDate "2019.10.24"]

1. e4 c6 2. d4 d5 3. e5 Bf5 4. h4 Qc7 5. g4 Bd7 6. Bd3 c5 7. f4 cxd4 8. Qf3 e6
9. Ne2 Nc6 10. Nd2 Bc5 11. Nb3 Bb6 12. Bd2 O-O-O 13. O-O-O f6 14. exf6 gxf6 15.
f5 Ne5 16. Qh3 Nxd3+ 17. Qxd3 e5 18. Kb1 Ne7 19. Rhf1 Rdf8 20. Bh6 Rf7 21. Rfe1
Ng8 22. Qd2 Nxh6 23. Qxh6 Rg8 24. Qh5 Bb5 25. Ng1 a5 26. a3 Kb8 27. Nf3 a4 28.
Na1 Ba5 29. g5 Bxe1 30. Rxe1 fxg5 31. Rxe5 g4 32. Nxd4 Be8 33. Re2 g3 34. Qf3
Bc6 35. c3 Qd8 36. Qf4+ Qc7 37. Qf3 Rf6 38. Nac2 Qg7 39. Rg2 Qg4 40. Qe3 Qxh4
41. Nxc6+ Rxc6 42. Qe5+ Ka8 43. Qxd5 Rd8 44. Qa5+ Ra6 45. Qc7 Rc6 46. Qa5+ Kb8
47. Qe5+ Kc8 48. Ne3 Qf6 49. Qxg3 Qd6 50. Qf2 Re8 51. Nc2 Qd1+ 52. Ka2 Qd5+ 53.
Kb1 Rh6 54. Rg1 Rh1 55. Rxh1 Qxh1+ 56. Ka2 Qd5+ 57. Kb1 Qd1+ 58. Ka2 Qd5+ 59.
Kb1 Re5 60. f6 Rf5 61. Qe2 Rxf6 62. Qe8+ Qd8 63. Qxa4 Kb8 64. Nd4 Rf1+ 65. Kc2
Rf2+ 66. Kb1 Rf1+ 67. Kc2 Qe7 68. Qb5 Qe4+ 69. Kb3 Rf8 70. Qc5 Rc8 71. Qd6+ Ka8
72. Qd7 Qe8 73. Qd6 Qg8+ 74. Kc2 Qg6+ 75. Qxg6 hxg6 76. Kd3 Re8 77. Nf3 Kb8 78.
a4 Kc7 79. a5 Kd6 80. b4 Ke6 81. Ke4 Kf6+ 82. Kd4 g5 83. c4 g4 84. Nh4 Re2 85.
b5 Kg5 86. a6 bxa6 87. b6 Kxh4 88. c5 Rb2 89. Kd5 Rb5 90. Kd6 g3 0-1